Student solutions manual for single variable calculus early transcedentals. / (Record no. 6863)

MARC details
000 -LEADER
fixed length control field 00834nam a22001697a 4500
008 - FIXED-LENGTH DATA ELEMENTS--GENERAL INFORMATION
fixed length control field 190806b xxu||||| |||| 00| 0 eng d
020 ## - INTERNATIONAL STANDARD BOOK NUMBER
International Standard Book Number 0534393330
050 ## - LIBRARY OF CONGRESS CALL NUMBER
Classification number QA303.S8825(5e)
100 ## - MAIN ENTRY--PERSONAL NAME
Personal name Stewart, James.
245 ## - TITLE STATEMENT
Title Student solutions manual for single variable calculus early transcedentals. /
Statement of responsibility, etc. James Stewart.
250 ## - EDITION STATEMENT
Edition statement 5th ed.
260 ## - PUBLICATION, DISTRIBUTION, ETC.
Place of publication, distribution, etc. Belmont :
Name of publisher, distributor, etc. Brooks/ Cole,
Date of publication, distribution, etc. 2003.
300 ## - PHYSICAL DESCRIPTION
Extent x, 523 p. :
Other physical details ill. ;
Dimensions 24 cm.
500 ## - GENERAL NOTE
General note Includes appendix.
505 ## - FORMATTED CONTENTS NOTE
Formatted contents note Contents: Functions and models -- Limits and derivatives -- Differentiation rules -- Applications of differentiation -- Integrals -- Applications of integration -- Techniques o integration -- Further applications of integration -- Differential equations -- Parameteric equations and polar coordinates -- Infinite sequences and series.
942 ## - ADDED ENTRY ELEMENTS (KOHA)
Source of classification or shelving scheme Library of Congress Classification
Koha item type Books
Holdings
Withdrawn status Lost status Source of classification or shelving scheme Damaged status Not for loan Home library Current library Shelving location Date acquired Total Checkouts Full call number Barcode Date last seen Price effective from Koha item type
    Library of Congress Classification     WISCONSIN INTERNATIONAL UNIVERSITY COLLEGE, GHANA - MAIN LIBRARY WISCONSIN INTERNATIONAL UNIVERSITY COLLEGE, GHANA - MAIN LIBRARY Reference 06/08/2019   QA303.S8825(5e) 8108/070/16 06/08/2019 06/08/2019 Books

If you have any concerns or questions; kindly contact the library


© Powered by WIUC ICT DIRECTORATE